| 000 | 00392nam a22001457a 4500 | ||
|---|---|---|---|
| 003 | SGT | ||
| 082 |
_a616.024 _bS21B |
||
| 100 | _aBABRA, MEENAL | ||
| 245 | _aSTUDY OF CLINICAL & LABORATORY PROFILE OF DENGUE FEVER IN ADULT POPULATION AT SGT HOSPITAL, GURUGRAM, HARYANA | ||
| 260 |
_aGURUGRAM _bSGT UNIVERSITY _c2021 |
||
| 300 | _a91 | ||
| 650 | _aMEDICINE | ||
| 653 | _aM.D | ||
| 942 |
_2ddc _cTH |
||
| 999 |
_c26544 _d26544 |
||